000 00544pab a2200181 454500
008 180718b1997 xxu||||| |||| 00| 0 eng d
100 _aOhanian, Lee E.
245 _aThe macroeconomic effects of war finance in the United State: world war II and the Korean war
260 _c1997
300 _ap.23-40
362 _aMar
650 _aFinance, Public - United States
650 _aPublic finance
650 _aUnited States - Economic conditions
650 _aEconomic conditions
773 _aAmerican Economic Review
909 _a33914
999 _c33914
_d33914